[Event "Chioggia op-B 10th"]
[Site "Chioggia"]
[Date "2015.10.10"]
[Round "2"]
[White "Camana, Filippo"]
[Black "Caldara, Sisto"]
[Result "0-1"]
[WhiteElo "1758"]
[BlackElo "1817"]
[PlyCount "106"]
[EventDate "2015.10.09"]
[EventType "swiss"]
[EventRounds "5"]
[EventCountry "ITA"]
[SourceTitle "EXT 2022"]
[Source "ChessBase"]
[SourceDate "2021.10.06"]
[SourceVersion "1"]
[SourceVersionDate "2021.10.06"]
[SourceQuality "1"]

1. e4 c5 2. Nc3 e6 3. g3 a6 4. Bg2 Nc6 5. d3 b5 6. Be3 Bb7 7. f4 h5 8. Nf3 Be7 9. h3 d5 10. exd5 exd5 11. d4 c4 12. 0-0 Nf6 13. Ne5 b4 14. Ne2 Qb6 15. Qd2 Rd8 16. Kh2 Qc7 17. Rad1 0-0 18. Rfe1 Rfe8 19. Bf3 g6 20. Qc1 Bf8 21. Rg1 Bg7 22. Kh1 Bc8 23. g4 hxg4 24. hxg4 Kh7 25. Kg2 Nxe5 26. fxe5 Nxg4 27. Rh1+ Kg8 28. Bg5 f6 29. Bh4 g5 30. Bxg5 fxg5 31. Qxg5 Nxe5 32. dxe5 Qxe5 33. Rxd5 Rxd5 34. Bxd5+ Be6 35. Qxe5 Bxe5 36. Bb7 Bxb2 37. Rb1 c3 38. Bxa6 Bxa2 39. Rf1 Bd5+ 40. Kg3 b3 41. Nf4 Re3+ 42. Kg4 Bf7 43. Bd3 Ba3 44. Ng2 Rxd3 45. cxd3 c2 46. Ne3 c1Q 47. Rxc1 Bxc1 48. Nd1 Bg6 49. d4 Bc2 50. Nc3 b2 51. d5 Bd2 52. d6 Bxc3 53. d7 Ba5 0-1

[Event "Arco Pasqua op 1st"]
[Site "Arco"]
[Date "2014.04.10"]
[Round "5"]
[White "Dappiano, Andrea"]
[Black "Caldara, Sisto"]
[Result "1-0"]
[WhiteElo "2172"]
[BlackElo "1830"]
[PlyCount "47"]
[EventDate "2014.04.06"]
[EventType "swiss"]
[EventRounds "7"]
[EventCountry "ITA"]
[SourceTitle "CBM 160 Extra"]
[Source "ChessBase"]
[SourceDate "2014.07.01"]
[SourceVersion "1"]
[SourceVersionDate "2014.07.01"]
[SourceQuality "1"]

1. e4 c5 2. Nc3 e6 3. g3 a6 4. Bg2 Qc7 5. d3 b5 6. Bf4 d6 7. Nf3 Bb7 8. 0-0 Nc6 9. Re1 g6 10. e5 d5 11. Nxd5 exd5 12. e6 Bd6 13. exf7+ Kxf7 14. Ng5+ Kf6 15. Re6+ Kg7 16. Rxd6 Qe7 17. Ne6+ Kf7 18. Bxd5 Nb4 19. Bxb7 Qxb7 20. Nxc5 Qc8 21. Be5 Qxc5 22. Qf3+ Ke7 23. Qb7+ Ke8 24. Qxa8+ 1-0

[Event "Cortina d'Ampezzo op 2nd"]
[Site "Cortina d'Ampezzo"]
[Date "2013.09.13"]
[Round "5"]
[White "Caldara, Sisto"]
[Black "Ravagnani, Tiziano"]
[Result "1-0"]
[WhiteElo "1813"]
[BlackElo "1984"]
[PlyCount "107"]
[EventDate "2013.09.10"]
[EventType "swiss"]
[EventRounds "7"]
[EventCountry "ITA"]
[SourceTitle "CBM 156 Extra"]
[Source "ChessBase"]
[SourceDate "2013.10.22"]
[SourceVersion "1"]
[SourceVersionDate "2013.10.22"]
[SourceQuality "1"]

1. d4 Nf6 2. c4 g6 3. Nc3 d5 4. cxd5 Nxd5 5. e4 Nxc3 6. bxc3 Bg7 7. Bc4 c5 8. Ne2 Nc6 9. Be3 0-0 10. Rc1 cxd4 11. cxd4 Qa5+ 12. Kf1 Rd8 13. h4 Qh5 14. f3 Ne5 15. Ng3 Nxc4 16. Rxc4 Qb5 17. Qe2 b6 18. Rc7 Qa5 19. Kg1 Ba6 20. Qf2 Qb4 21. e5 Bxe5 22. dxe5 Rd1+ 23. Nf1 Rxf1+ 24. Qxf1 Bxf1 25. Kxf1 Rd8 26. Kf2 a5 27. h5 Qb2+ 28. Kg3 Qxe5+ 29. Bf4 Qf6 30. hxg6 Qxg6+ 31. Kf2 Qf5 32. Bh6 Rc8 33. Rh5 Qc2+ 34. Rxc2 Rxc2+ 35. Kg3 f6 36. a4 Rc4 37. Rh4 Rc2 38. Rg4+ Kf7 39. Be3 Rb2 40. Rd4 Rb3 41. Bf2 e5 42. Rd7+ Kg6 43. Rb7 Rb4 44. Rxb6 Rxa4 45. Ra6 Ra2 46. Bc5 h5 47. Bd6 Kf7 48. Ra7+ Ke6 49. Ra6 h4+ 50. Kh3 a4 51. Bf8+ Kf7 52. Bd6 Kg7 53. Be7 f5 54. Bf6+ 1-0

[Event "Chioggia op-A 07th"]
[Site "Chioggia"]
[Date "2012.10.12"]
[Round "1"]
[White "Caldara, Sisto"]
[Black "Vianello, Enrico"]
[Result "0-1"]
[WhiteElo "1821"]
[BlackElo "2143"]
[PlyCount "83"]
[EventDate "2012.10.12"]
[EventType "swiss"]
[EventRounds "5"]
[EventCountry "ITA"]
[SourceTitle "EXT 2014"]
[Source "ChessBase"]
[SourceDate "2013.11.20"]
[SourceVersion "1"]
[SourceVersionDate "2013.11.20"]
[SourceQuality "1"]

1. d4 d5 2. c4 Nc6 3. cxd5 Qxd5 4. e3 e5 5. Nc3 Bb4 6. Bd2 Bxc3 7. bxc3 Nf6 8. c4 Qd6 9. d5 Nb8 10. Qb1 Na6 11. e4 0-0 12. f3 Nc5 13. Ne2 Nfd7 14. Nc3 Qg6 15. g4 h5 16. Rg1 hxg4 17. Rxg4 Qh5 18. Be3 f5 19. exf5 Rxf5 20. Be2 Qf7 21. Qc2 Rh5 22. 0-0-0 b6 23. Rdg1 Nf6 24. Rxg7+ Qxg7 25. Rxg7+ Kxg7 26. Bxc5 bxc5 27. Bd3 Bh3 28. Qf2 Bf5 29. Bxf5 Rxf5 30. Qxc5 Rf8 31. Qxc7+ Rf7 32. Qc5 Rxf3 33. Qg1+ Kh8 34. Nb5 Nxd5 35. Kb2 Rf2+ 36. Kb3 R7f3+ 37. Nc3 Nxc3 38. Qg6 Nd5+ 39. Ka4 Rxa2+ 40. Kb5 a6+ 41. Kc5 Ra5+ 42. Kd6 0-1

[Event "Cortina d'Ampezzo op 1st"]
[Site "Cortina d'Ampezzo"]
[Date "2012.09.23"]
[Round "7"]
[White "Caldara, Sisto"]
[Black "Naumkin, Igor"]
[Result "0-1"]
[WhiteElo "1786"]
[BlackElo "2473"]
[PlyCount "60"]
[EventDate "2012.09.18"]
[EventType "swiss"]
[EventRounds "7"]
[EventCountry "ITA"]
[SourceTitle "CBM 150 Extra"]
[Source "ChessBase"]
[SourceDate "2012.10.19"]
[SourceVersion "1"]
[SourceVersionDate "2012.10.19"]
[SourceQuality "1"]

1. Nf3 Nf6 2. d4 e6 3. c4 b6 4. Nc3 Bb7 5. Bg5 h6 6. Bh4 g5 7. Bg3 Nh5 8. e3 Nxg3 9. hxg3 Bg7 10. Qb3 Nc6 11. Rd1 Qe7 12. Nb5 d5 13. cxd5 exd5 14. Be2 Rd8 15. Rc1 a6 16. Nc3 Na5 17. Qa4+ Kf8 18. Nd2 c5 19. Nf3 c4 20. 0-0 Nc6 21. Rce1 b5 22. Qd1 f5 23. Nd2 g4 24. Qb1 Bc8 25. Nd1 h5 26. f3 Nxd4 27. exd4 Bxd4+ 28. Nf2 h4 29. fxg4 hxg3 30. Bd3 Qh4 0-1

[Event "Noale Szabados Memorial-B 5th"]
[Site "Noale"]
[Date "2012.02.05"]
[Round "5"]
[White "Bergamasco, Tommaso"]
[Black "Caldara, Sisto"]
[Result "1/2-1/2"]
[WhiteElo "1689"]
[BlackElo "1790"]
[PlyCount "136"]
[EventDate "2012.02.03"]
[EventType "swiss"]
[EventRounds "5"]
[EventCountry "ITA"]
[SourceTitle "EXT 2022"]
[Source "ChessBase"]
[SourceDate "2021.10.06"]
[SourceVersion "1"]
[SourceVersionDate "2021.10.06"]
[SourceQuality "1"]

1. e4 d6 2. d4 Nf6 3. Nc3 c6 4. Bf4 Qa5 5. Qd2 e5 6. dxe5 dxe5 7. Rd1 exf4 8. Bc4 Be7 9. Nf3 0-0 10. Qxf4 Bg4 11. e5 Bh5 12. exf6 Bxf6 13. 0-0 Bxc3 14. bxc3 Qxc3 15. Bb3 Na6 16. Rd3 Qa5 17. g4 Bg6 18. Re3 Nc5 19. Re5 Qc7 20. Qc4 Nxb3 21. cxb3 Kh8 22. Rfe1 Rad8 23. h4 f6 24. Re7 Rd7 25. R7e3 Bf7 26. Qc5 Qb8 27. g5 Rd5 28. Qe7 Qd6 29. gxf6 gxf6 30. Qxd6 Rxd6 31. Re7 Bh5 32. Nh2 Rg8+ 33. Kf1 Rd4 34. Rxb7 Rxh4 35. Ree7 Bg6 36. Nf3 Bd3+ 37. Ke1 Re4+ 38. Kd2 Rxe7 39. Rxe7 Bb1 40. Rxa7 Be4 41. Ke3 Bd5 42. Nd4 Re8+ 43. Kd2 h5 44. Nf5 Be6 45. Nh4 Rg8 46. Ra4 Bg4 47. Rf4 Kg7 48. a4 Re8 49. f3 Be6 50. b4 Rd8+ 51. Kc2 Bd5 52. Nf5+ Kf7 53. Ne3 Be6 54. Kc3 Kg6 55. Rd4 Rxd4 56. Kxd4 h4 57. Nf1 Kg5 58. Ke3 Kf5 59. Nh2 Ke5 60. f4+ Kd5 61. b5 cxb5 62. axb5 Kc5 63. Kf3 Kxb5 64. Ng4 Bd5+ 65. Kf2 f5 66. Nh6 Be4 67. Kg1 h3 68. Kh2 Kc4 1/2-1/2

[Event "Noale Szabados Memorial-B 5th"]
[Site "Noale"]
[Date "2012.02.04"]
[Round "3"]
[White "Scandiuzzi, Roberto"]
[Black "Caldara, Sisto"]
[Result "0-1"]
[WhiteElo "1335"]
[BlackElo "1790"]
[PlyCount "67"]
[EventDate "2012.02.03"]
[EventType "swiss"]
[EventRounds "5"]
[EventCountry "ITA"]
[SourceTitle "EXT 2022"]
[Source "ChessBase"]
[SourceDate "2021.10.06"]
[SourceVersion "1"]
[SourceVersionDate "2021.10.06"]
[SourceQuality "1"]

1. d4 f5 2. e3 Nf6 3. Bd3 d5 4. Nf3 c5 5. c3 Nc6 6. 0-0 g6 7. Nbd2 Bg7 8. dxc5 e5 9. Bb5 Qc7 10. h3 0-0 11. Re1 h6 12. c4 Be6 13. cxd5 Bxd5 14. Qe2 g5 15. Bc4 Kh8 16. Bxd5 Nxd5 17. Nxg5 hxg5 18. Qh5+ Kg8 19. Qxg5 Ndb4 20. Re2 Nd3 21. Nb3 Nxc1 22. Rxc1 Rad8 23. e4 f4 24. f3 Qf7 25. Qh4 a5 26. Ra1 Rfe8 27. Qe1 a4 28. Na5 Nd4 29. Rf2 Bf8 30. Qb4 b6 31. Qxb6 Rb8 32. Qa6 Bxc5 33. Qc4 Qxc4 34. Nxc4 0-1

[Event "Arco op 33rd"]
[Site "Arco"]
[Date "2011.10.25"]
[Round "4"]
[White "Caldara, Sisto"]
[Black "Antoniacci, Ricardo"]
[Result "0-1"]
[WhiteElo "1800"]
[BlackElo "1913"]
[PlyCount "91"]
[EventDate "2011.10.22"]
[EventType "swiss"]
[EventRounds "9"]
[EventCountry "ITA"]
[SourceTitle "EXT 2012"]
[Source "ChessBase"]
[SourceDate "2011.11.24"]
[SourceVersion "1"]
[SourceVersionDate "2011.11.24"]
[SourceQuality "1"]

1. d4 Nf6 2. c4 e6 3. Nc3 Bb4 4. f3 d5 5. a3 Bxc3+ 6. bxc3 0-0 7. cxd5 exd5 8. e3 Bf5 9. Bd3 Qd7 10. Ne2 Re8 11. 0-0 Nc6 12. Ng3 Bg6 13. Bxg6 hxg6 14. Ra2 Na5 15. Raf2 Re7 16. e4 c6 17. e5 Nh7 18. f4 f5 19. exf6 gxf6 20. f5 g5 21. h4 gxh4 22. Qg4+ Kh8 23. Qxh4 Qe8 24. Nh5 Qf7 25. Nf4 Re4 26. g4 Nc4 27. Rf3 Rae8 28. Kf2 Kg8 29. Rh1 Qg7 30. Rfh3 Ng5 31. Qh8+ Kf7 32. Qxg7+ Kxg7 33. Nh5+ Kf7 34. Bxg5 fxg5 35. Ng3 Rf4+ 36. Kg2 Ne3+ 37. Kg1 Nxg4 38. Rh7+ Kf8 39. Rh8+ Ke7 40. Rxe8+ Kxe8 41. Nh5 Rf3 42. Kg2 Rxc3 43. Re1+ Kf7 44. f6 Re3 45. Rf1 Rxa3 46. Rf5 0-1

[Event "Chioggia op-A 06th"]
[Site "Chioggia"]
[Date "2011.10.08"]
[Round "3"]
[White "Zamengo, Fulvio"]
[Black "Caldara, Sisto"]
[Result "1-0"]
[WhiteElo "2002"]
[BlackElo "1800"]
[PlyCount "81"]
[EventDate "2011.10.07"]
[EventType "swiss"]
[EventRounds "5"]
[EventCountry "ITA"]
[SourceTitle "EXT 2022"]
[Source "ChessBase"]
[SourceDate "2021.10.06"]
[SourceVersion "1"]
[SourceVersionDate "2021.10.06"]
[SourceQuality "1"]

1. e4 d6 2. d4 Nf6 3. Nc3 c6 4. Be3 Nbd7 5. f3 e5 6. d5 c5 7. Nge2 Be7 8. Qd2 a6 9. g4 b5 10. Ng3 g6 11. g5 Ng8 12. h4 h5 13. Bh3 Nb6 14. b3 Bxh3 15. Rxh3 Qd7 16. Rh2 Bd8 17. f4 Ne7 18. fxe5 c4 19. Qf2 Nec8 20. exd6 Qxd6 21. Bd4 0-0 22. e5 Re8 23. Nge4 Qc7 24. Nf6+ Bxf6 25. Qxf6 Nd7 26. Qf4 Nd6 27. 0-0-0 Nf5 28. d6 Qa5 29. Kb1 b4 30. Ne4 Qd5 31. Rhd2 Qb5 32. e6 Rxe6 33. Nf6+ Nxf6 34. Bxf6 Qd7 35. Qxc4 Ne3 36. Qc7 Qxc7 37. dxc7 Rae8 38. Rd8 Nxd1 39. c8Q Nc3+ 40. Bxc3 bxc3 41. Rxe8+ 1-0

[Event "Arco op 32nd"]
[Site "Arco"]
[Date "2010.10.18"]
[Round "3"]
[White "Caldara, Sisto"]
[Black "Vaccari, Giorgio"]
[Result "1/2-1/2"]
[WhiteElo "1813"]
[BlackElo "1613"]
[PlyCount "124"]
[EventDate "2010.10.16"]
[EventType "swiss"]
[EventRounds "9"]
[EventCountry "ITA"]
[SourceTitle "EXT 2024"]
[Source "ChessBase"]
[SourceDate "2023.10.10"]
[SourceVersion "1"]
[SourceVersionDate "2023.10.10"]
[SourceQuality "1"]

1. f4 d5 2. Nf3 Nc6 3. d4 Nf6 4. g3 e6 5. Bg2 Bb4+ 6. c3 Be7 7. Nbd2 Bd7 8. Ne5 0-0 9. 0-0 Nxe5 10. fxe5 Ne8 11. e4 c6 12. Qe2 f5 13. exf6 gxf6 14. e5 f5 15. Nf3 Ng7 16. Bh6 Qe8 17. Rae1 Qg6 18. Qd2 Rf7 19. Kh1 Kh8 20. Rf2 Nh5 21. Bf1 Qg8 22. Bd3 Nxg3+ 23. hxg3 Qxg3 24. Bf4 Qh3+ 25. Nh2 Rg7 26. Bf1 Qh5 27. Bg2 Bg5 28. Bf3 Qh6 29. Bxg5 Rxg5 30. Rg2 Rag8 31. Rxg5 Rxg5 32. Re2 Qg7 33. Rg2 h6 34. Bh5 Qe7 35. Qe2 Kh7 36. Qf3 Rxg2 37. Qxg2 Qg7 38. Qxg7+ Kxg7 39. Kg2 b6 40. Kf3 c5 41. Kf4 Bb5 42. Ke3 cxd4+ 43. Kxd4 Kf8 44. Ke3 Be8 45. Be2 Kg7 46. Nf3 Kg6 47. Nd4 Bd7 48. Bb5 Bxb5 49. Nxb5 Kg5 50. Kf3 f4 51. Nd4 a6 52. b3 b5 53. a4 bxa4 54. bxa4 h5 55. a5 h4 56. Nxe6+ Kf5 57. Nxf4 Kxe5 58. Ng6+ Kd6 59. Nxh4 Kc5 60. Ke3 Kc4 61. Kd2 d4 62. cxd4 Kxd4 1/2-1/2

[Event "Arco op 32nd"]
[Site "Arco"]
[Date "2010.10.17"]
[Round "2"]
[White "Morselli, Stefano"]
[Black "Caldara, Sisto"]
[Result "1-0"]
[WhiteElo "1924"]
[BlackElo "1813"]
[PlyCount "66"]
[EventDate "2010.10.16"]
[EventType "swiss"]
[EventRounds "9"]
[EventCountry "ITA"]
[SourceTitle "EXT 2024"]
[Source "ChessBase"]
[SourceDate "2023.10.10"]
[SourceVersion "1"]
[SourceVersionDate "2023.10.10"]
[SourceQuality "1"]

1. Nf3 d6 2. g3 f5 3. d4 Nf6 4. Bg2 g6 5. c3 Bg7 6. Qb3 c6 7. 0-0 Na6 8. Bf4 Nc7 9. c4 h6 10. h4 Rb8 11. Nfd2 Be6 12. e4 Nh5 13. Be3 Bf7 14. Nc3 0-0 15. d5 c5 16. exf5 gxf5 17. Ne2 b5 18. Qd3 bxc4 19. Nxc4 Qe8 20. Na5 Bg6 21. Nf4 Rxb2 22. Rab1 Rxa2 23. Nc6 Nxf4 24. Bxf4 Qf7 25. Rb7 Rc8 26. Nxa7 Ra8 27. Nc6 Rc8 28. Qb3 Rb2 29. Qe3 Nxd5 30. Bxd5 Qxd5 31. Nxe7+ Kh8 32. Nxd5 Rxb7 33. Qe6 Bh7 1-0

[Event "Arco op 31st"]
[Site "Arco"]
[Date "2009.10.20"]
[Round "5"]
[White "De Nisi, Roberta"]
[Black "Caldara, Sisto"]
[Result "1-0"]
[WhiteElo "1903"]
[BlackElo "1823"]
[PlyCount "67"]
[EventDate "2009.10.17"]
[EventType "swiss"]
[EventRounds "9"]
[EventCountry "ITA"]
[SourceTitle "EXT 2010"]
[Source "ChessBase"]
[SourceDate "2010.11.25"]
[SourceVersion "1"]
[SourceVersionDate "2010.11.25"]
[SourceQuality "1"]

1. d4 g6 2. c4 Bg7 3. Nc3 c5 4. d5 Bxc3+ 5. bxc3 f5 6. f3 Nf6 7. Qc2 Qa5 8. Bd2 d6 9. e4 fxe4 10. fxe4 Nbd7 11. Nf3 Nb6 12. Bd3 Bd7 13. 0-0 Ba4 14. Qb2 0-0-0 15. e5 Nfd7 16. exd6 exd6 17. Bf4 Nf6 18. Ng5 Rd7 19. Bxd6 Nfxd5 20. cxd5 Rxd6 21. c4 Re8 22. Ne4 Rdd8 23. Rab1 Re7 24. Rf6 Nxc4 25. Bxc4 b5 26. Rc6+ Rc7 27. Nd6+ Rxd6 28. Rxd6 Re7 29. Qh8+ Kb7 30. Re6 Rd7 31. Qe5 Kc8 32. Re8+ Kb7 33. Rb8+ Ka6 34. Qe6+ 1-0

[Event "Arco op 31st"]
[Site "Arco"]
[Date "2009.10.18"]
[Round "2"]
[White "Caldara, Sisto"]
[Black "Bonanzinga, Corrado"]
[Result "0-1"]
[WhiteElo "1823"]
[BlackElo "2136"]
[PlyCount "68"]
[EventDate "2009.10.17"]
[EventType "swiss"]
[EventRounds "9"]
[EventCountry "ITA"]
[SourceTitle "EXT 2010"]
[Source "ChessBase"]
[SourceDate "2010.11.25"]
[SourceVersion "1"]
[SourceVersionDate "2010.11.25"]
[SourceQuality "1"]

1. f4 d5 2. Nf3 Nf6 3. g3 g6 4. Bg2 Bg7 5. d3 0-0 6. 0-0 c5 7. a4 Nc6 8. Qe1 d4 9. Na3 Nd5 10. Nc4 Ncb4 11. Na3 Bd7 12. a5 Qxa5 13. Bd2 Qc7 14. Rc1 Nc6 15. c3 dxc3 16. bxc3 Nf6 17. e4 e5 18. Nb5 Qb8 19. fxe5 Nxe5 20. Nxe5 Bxb5 21. Bf4 Qd8 22. c4 Nd7 23. Nxg6 fxg6 24. cxb5 Ne5 25. Bxe5 Bxe5 26. Kh1 Rxf1+ 27. Qxf1 Qd4 28. Bh3 Rf8 29. Be6+ Kg7 30. Qd1 Qe3 31. Bc4 Rf2 32. Qe1 Qf3+ 33. Kg1 Rg2+ 34. Kh1 Rxg3# 0-1

[Event "Arco op 30th"]
[Site "Arco"]
[Date "2008.10.23"]
[Round "6"]
[White "Diotallevi, Maurizio"]
[Black "Caldara, Sisto"]
[Result "1-0"]
[WhiteElo "2101"]
[BlackElo "1868"]
[PlyCount "61"]
[EventDate "2008.10.18"]
[EventType "swiss"]
[EventRounds "9"]
[EventCountry "ITA"]
[SourceTitle "CBM 127 Extra"]
[Source "ChessBase"]
[SourceDate "2009.01.08"]
[SourceVersion "2"]
[SourceVersionDate "2009.01.28"]
[SourceQuality "1"]

1. d4 g6 2. Nf3 Bg7 3. e4 d6 4. Nbd2 Nd7 5. c3 a6 6. Bd3 e6 7. 0-0 Ne7 8. Re1 b6 9. Nf1 Bb7 10. Bg5 h6 11. Bd2 g5 12. Kh1 Ng6 13. Ne3 Nf6 14. Nc4 g4 15. Ng1 b5 16. Na5 Bc8 17. e5 Nxe5 18. dxe5 dxe5 19. Qe2 Qd6 20. Rad1 h5 21. Bg5 Nd7 22. Be4 Qb6 23. Bxa8 Qxa5 24. Bc6 Qb6 25. Bxd7+ Bxd7 26. Qd3 Qc6 27. Re2 f6 28. Qg6+ Kf8 29. Bxf6 Bxf6 30. Qxf6+ Kg8 31. Rxe5 1-0

[Event "Trento op"]
[Site "Trento"]
[Date "2008.03.30"]
[Round "4"]
[White "Pecorari, Marcello"]
[Black "Caldara, Sisto"]
[Result "0-1"]
[WhiteElo "2075"]
[BlackElo "1797"]
[PlyCount "92"]
[EventDate "2008.03.28"]
[EventType "swiss"]
[EventRounds "5"]
[EventCountry "ITA"]
[SourceTitle "EXT 2011"]
[Source "ChessBase"]
[SourceDate "2010.11.26"]
[SourceVersion "1"]
[SourceVersionDate "2010.11.26"]
[SourceQuality "1"]

1. e4 d6 2. d4 Nf6 3. Nc3 c6 4. f4 Qa5 5. Bd3 e5 6. dxe5 dxe5 7. Nf3 Nbd7 8. 0-0 Bc5+ 9. Kh1 Ng4 10. Qe2 h5 11. Bd2 Qc7 12. f5 b5 13. Rad1 Bb7 14. Ng5 Ndf6 15. Rf3 0-0-0 16. Nh3 a6 17. a4 b4 18. Na2 a5 19. c3 Qb6 20. Bc4 bxc3 21. Nxc3 Rd4 22. Bg5 Rhd8 23. Rdf1 R8d7 24. b3 Bb4 25. Nf2 Nxf2+ 26. Qxf2 Ng4 27. Qg1 Bc5 28. Be3 Nxe3 29. Qxe3 Rxc4 30. Qg5 f6 31. Qxh5 Rcd4 32. Qe8+ Rd8 33. Qe6+ Kb8 34. Rg3 Bc8 35. Qf7 R4d7 36. Qh5 Ba6 37. Rc1 Ka8 38. h4 Be3 39. Rb1 Rd3 40. Rxg7 Rxc3 41. Qf7 Rcd3 42. Qxf6 Rd1+ 43. Rxd1 Rxd1+ 44. Kh2 Bf4+ 45. Kh3 Rh1+ 46. Kg4 Be2# 0-1

[Event "Trento op"]
[Site "Trento"]
[Date "2008.03.29"]
[Round "3"]
[White "Caldara, Sisto"]
[Black "Scharrer, Patrick"]
[Result "0-1"]
[WhiteElo "1797"]
[BlackElo "2225"]
[PlyCount "48"]
[EventDate "2008.03.28"]
[EventType "swiss"]
[EventRounds "5"]
[EventCountry "ITA"]
[SourceTitle "EXT 2011"]
[Source "ChessBase"]
[SourceDate "2010.11.26"]
[SourceVersion "1"]
[SourceVersionDate "2010.11.26"]
[SourceQuality "1"]

1. d4 Nf6 2. c4 g6 3. Nc3 Bg7 4. e4 d6 5. Be2 0-0 6. Bg5 c5 7. d5 b5 8. cxb5 Qa5 9. Qd2 a6 10. b6 Nbd7 11. h4 h5 12. f3 Nxb6 13. g4 hxg4 14. Bxf6 Bxf6 15. fxg4 Na4 16. Rc1 Rb8 17. Nxa4 Qxa4 18. Rc4 Qxa2 19. e5 Bxe5 20. Kf2 Rxb2 21. Qd3 Qb3 22. Qe4 f5 23. gxf5 Bxf5 24. Qg2 Qxc4 0-1

[Event "Arco op 29th"]
[Site "Arco"]
[Date "2007.10.26"]
[Round "7"]
[White "Weinberg, Emanuele"]
[Black "Caldara, Sisto"]
[Result "1/2-1/2"]
[WhiteElo "1907"]
[BlackElo "1760"]
[PlyCount "59"]
[EventDate "2007.10.20"]
[EventType "swiss"]
[EventRounds "9"]
[EventCountry "ITA"]
[SourceTitle "CBM 120 Extra"]
[Source "ChessBase"]
[SourceDate "2007.11.01"]
[SourceVersion "1"]
[SourceVersionDate "2007.11.01"]
[SourceQuality "1"]

1. d4 d6 2. c4 Nf6 3. Nc3 c6 4. e4 Qc7 5. g3 Bg4 6. Qc2 h5 7. h3 Bd7 8. Nf3 e5 9. Bg2 a5 10. Be3 Na6 11. a3 Be7 12. 0-0 b5 13. cxb5 cxb5 14. Qe2 b4 15. axb4 Nxb4 16. Rfc1 Qb8 17. Ng5 0-0 18. Bf1 g6 19. d5 Bd8 20. Nb5 Bb6 21. Bxb6 Qxb6 22. Na3 Rfc8 23. Rxc8+ Bxc8 24. Rc1 Qd8 25. h4 Ng4 26. Kh1 Qb6 27. f3 Nf6 28. Nc4 Qd8 29. Qe3 Rb8 30. Qa7 1/2-1/2